[Event "Open Nord 2015/2016"]
[Site "Meyreuil"]
[Date "2016.01.15"]
[Round "6.15"]
[White "Person, Claude"]
[Black "Husson, Etienne"]
[Result "1-0"]
[WhiteElo "1217"]
[BlackElo "1090"]
[PlyCount "75"]

1. e4 e6 2. Nf3 d5 3. e5 Ne7 4. d4 Nf5 5. a3 c5 6. c3 a5 7. Bd3 Nh4 8. Nxh4
Qxh4 9. O-O cxd4 10. g3 Qd8 11. cxd4 Qb6 12. Be2 Nc6 13. Qa4 Qxd4 14. Bb5 Qxa4
15. Bxa4 Bc5 16. Kg2 O-O 17. Bxc6 bxc6 18. Nd2 Rb8 19. b3 Bd4 20. Rb1 Bxe5 21.
Nf3 Bd6 22. Rd1 Bd7 23. Ne1 Rb7 24. Nd3 Rfb8 25. b4 axb4 26. axb4 Bxb4 27. Bf4
Bd6 28. Rxb7 Rxb7 29. Bxd6 Rb5 30. Nc5 Be8 31. Ra1 f6 32. Ra8 Kf7 33. Ra7+ Kg6
34. Nxe6 d4 35. Rxg7+ Kh6 36. Bf4+ Kh5 37. Kh3 f5 38. Rg5+ 1-0

[Event "Open Nord 2015/2016"]
[Site "Meyreuil"]
[Date "2016.03.04"]
[Round "7.1"]
[White "Schiano-Lomoriello, Didier"]
[Black "Jean, Nicolas"]
[Result "0-1"]
[WhiteElo "1611"]
[BlackElo "1923"]
[PlyCount "70"]

1. e4 c6 2. d4 d5 3. Nc3 dxe4 4. Nxe4 Bf5 5. Ng3 Bg6 6. h4 h6 7. h5 Bh7 8. Nf3
Nf6 9. Bd3 Bxd3 10. Qxd3 e6 11. Bd2 Nbd7 12. O-O-O Be7 13. Ne4 Nxe4 14. Qxe4
Nf6 15. Qe2 Qd5 16. c4 Qe4 17. Rde1 Qxe2 18. Rxe2 O-O 19. g4 Nxg4 20. Rg1 f5
21. Rxe6 Kf7 22. Rg6 Bf6 23. Bf4 Nxf2 24. Ne5+ Ke7 25. R6g3 Ne4 26. Re3 Rfd8
27. Ng6+ Kf7 28. Ne5+ Ke8 29. Rd1 Rd6 30. b4 Rad8 31. Nf3 R6d7 32. Ne5 Rxd4 33.
Rxd4 Rxd4 34. Ra3 a6 35. Nf3 Rxc4+ 0-1

[Event "Open Nord 2015/2016"]
[Site "Meyreuil"]
[Date "2016.03.04"]
[Round "7.2"]
[White "Mamah, Isabelle"]
[Black "Tchifteyan, Philippe"]
[Result "0-1"]
[WhiteElo "1841"]
[BlackElo "1665"]
[PlyCount "116"]

1. e4 c5 2. Nf3 Nc6 3. c3 d6 4. d4 e5 5. dxc5 dxc5 6. Qxd8+ Kxd8 7. Bb5 Bd6 8.
Be3 Bd7 9. Nbd2 f6 10. O-O-O Kc7 11. Nb3 b6 12. Rd2 Be6 13. Rhd1 Rd8 14. Nh4
Nge7 15. g3 c4 16. Na1 Na5 17. Nc2 g5 18. Nf5 Nxf5 19. exf5 Bxf5 20. Nb4 Bxb4
21. Rxd8 Rxd8 22. Rxd8 Kxd8 23. cxb4 Nb7 24. Bxc4 Nd6 25. Bd5 Kd7 26. f4 gxf4
27. gxf4 e4 28. a4 Be6 29. Bxe6+ Kxe6 30. a5 bxa5 31. bxa5 a6 32. b4 Kf5 33.
Kd1 Kg4 34. Ke2 Kh3 35. Bc5 Nc8 36. f5 Kg4 37. Ke3 Kxf5 38. h3 Ke5 39. Bd4+ Kd5
40. Bxf6 Nd6 41. Ke2 Nc4 42. h4 h5 43. Bc3 Nd6 44. Be1 Nf5 45. Bf2 Kc4 46. Be1
Nd4+ 47. Kd1 e3 48. Kc1 Nf3 49. Kd1 Nxe1 50. Kxe1 Kxb4 51. Ke2 Kxa5 52. Kxe3
Kb4 53. Kf4 a5 54. Kg5 a4 55. Kxh5 a3 56. Kg6 a2 57. h5 a1=Q 58. h6 Qh8 0-1

[Event "Open Nord 2015/2016"]
[Site "Meyreuil"]
[Date "2016.03.04"]
[Round "7.3"]
[White "Pelopidas, Florian"]
[Black "Andriamandimbisoa, Mathieu"]
[Result "0-1"]
[WhiteElo "1514"]
[BlackElo "1715"]
[PlyCount "80"]

1. d4 Nf6 2. c4 g6 3. Nc3 Bg7 4. e4 d6 5. Nf3 O-O 6. Be2 e5 7. O-O Nc6 8. d5
Ne7 9. Be3 Ng4 10. Bg5 f5 11. Nd2 Nf6 12. f3 f4 13. b4 a5 14. a3 h6 15. Bh4 Kh8
16. Qc2 Rg8 17. Bf2 Bf8 18. Nb3 axb4 19. axb4 Rxa1 20. Rxa1 Bd7 21. Ra7 b6 22.
c5 g5 23. c6 Be8 24. Nb5 g4 25. Bh4 Ng6 26. Bxf6+ Qxf6 27. fxg4 Nh4 28. Bf3 h5
29. h3 hxg4 30. hxg4 Bh5 31. Qe2 Nxf3+ 32. gxf3 Bxg4 33. fxg4 Qh4 34. Qh2 Rxg4+
35. Kh1 f3 36. Qxh4+ Rxh4+ 37. Kg1 Rxe4 38. Nxc7 Bh6 39. Ra2 Be3+ 40. Kf1 Rh4
0-1

[Event "Open Nord 2015/2016"]
[Site "Meyreuil"]
[Date "2016.03.04"]
[Round "7.5"]
[White "Lupinacci, Patrick"]
[Black "Andonian, Pierre"]
[Result "1/2-1/2"]
[WhiteElo "1430"]
[BlackElo "1493"]
[PlyCount "131"]

1. e4 e5 2. Nf3 d6 3. d4 exd4 4. Qxd4 Nc6 5. Bb5 Bd7 6. Qc3 Nf6 7. Bg5 Be7 8.
Bd3 O-O 9. O-O Ng4 10. Bxe7 Qxe7 11. Nbd2 Nge5 12. Be2 Be6 13. Nd4 Nxd4 14.
Qxd4 c5 15. Qe3 Rfd8 16. h3 Nc6 17. c3 a6 18. f4 d5 19. f5 d4 20. cxd4 cxd4 21.
Qg3 Qc5 22. Rac1 Qb6 23. fxe6 d3+ 24. Qf2 Qxf2+ 25. Rxf2 dxe2 26. exf7+ Kf8 27.
Rxe2 Kxf7 28. Nf3 Rac8 29. Rec2 h6 30. Rc5 Rb8 31. Kf2 Nb4 32. Rc7+ Ke6 33. Ke2
Rd7 34. Rxd7 Kxd7 35. a3 Nc6 36. g4 Rc8 37. Rd1+ Ke6 38. g5 hxg5 39. Nxg5+ Kf6
40. Nf3 Ke6 41. h4 Ne7 42. Ke3 Ng8 43. Ng5+ Ke7 44. e5 Nh6 45. h5 Rc2 46. Rd2
Ng4+ 47. Kd3 Rxd2+ 48. Kxd2 Nxe5 49. Ne4 b6 50. b3 Ke6 51. Ke3 Nd7 52. Kf4 Nf6
53. Ng3 b5 54. Kg5 Ke5 55. Ne2 Nxh5 56. Kxh5 Ke4 57. Kg6 Kd3 58. Nf4+ Kc3 59.
b4 Kb3 60. Kxg7 Kxa3 61. Nd5 Kb3 62. Kf6 Ka4 63. Ke5 a5 64. bxa5 Kxa5 65. Kd4
Ka4 66. Kc3 1/2-1/2

[Event "Open Nord 2015/2016"]
[Site "Meyreuil"]
[Date "2015.03.04"]
[Round "7.6"]
[White "Scamaroni, Jean-Paul"]
[Black "Graells, Christian"]
[Result "1-0"]
[WhiteElo "1608"]
[BlackElo "1593"]
[PlyCount "103"]

1. d4 Nf6 2. c4 c5 3. d5 e5 4. Nc3 d6 5. e4 Be7 6. Bd3 O-O 7. h3 Nbd7 8. Nf3
Ne8 9. O-O g6 10. Be3 Ng7 11. Qd2 f5 12. exf5 Nxf5 13. Bg5 Nf6 14. Ne4 Nxe4 15.
Bxe4 Nd4 16. Bxe7 Nxf3+ 17. Bxf3 Qxe7 18. Qe2 Qf6 19. Bg4 Bf5 20. Bxf5 Qxf5 21.
Rae1 Rae8 22. f3 Qf4 23. Qe4 Qd2 24. Rf2 Qd4 25. Qxd4 cxd4 26. Rd2 Rc8 27. b3
Rc5 28. Rb1 Rf7 29. Kf2 h5 30. Ke2 b5 31. Kd3 Kg7 32. Rc2 Rfc7 33. Rbc1 b4 34.
Re1 Rf7 35. Re4 g5 36. Rf2 h4 37. Rg4 Kg6 38. g3 hxg3 39. Rxg3 e4+ 40. Kxe4
Rf4+ 41. Kd3 Rc8 42. Rfg2 Rf5 43. h4 Kh5 44. Rxg5+ Rxg5 45. hxg5 Rf8 46. g6 Rg8
47. Kxd4 Rxg6 48. Rxg6 Kxg6 49. Ke4 Kg5 50. f4+ Kf6 51. f5 Kg5 52. c5 1-0

[Event "Open Nord 2015/2016"]
[Site "Meyreuil"]
[Date "2016.03.04"]
[Round "7.7"]
[White "Corrias, Robert"]
[Black "Amoros, Jean"]
[Result "1-0"]
[WhiteElo "1594"]
[BlackElo "1473"]
[PlyCount "83"]

1. Nf3 Nf6 2. c4 e6 3. Nc3 c5 4. g3 Nc6 5. Bg2 Be7 6. O-O d6 7. d3 Bd7 8. e4
Qc7 9. Re1 a6 10. a3 O-O 11. Bf4 Rab8 12. e5 Ne8 13. Qd2 b5 14. Rac1 Na5 15.
Qe2 Nb3 16. Rc2 bxc4 17. dxc4 f6 18. exd6 Nxd6 19. Rd1 Nd4 20. Nxd4 cxd4 21.
Nd5 Qd8 22. Nxe7+ Qxe7 23. c5 Nf5 24. Bxb8 Rxb8 25. c6 Bc8 26. b4 Rb5 27. Be4
e5 28. Qd3 g6 29. Bxf5 Bxf5 30. Qc4+ Be6 31. Qe2 Qc7 32. Rxd4 Rb6 33. Rdd2 Rxc6
34. Rd8+ Kg7 35. Rcd2 Rc1+ 36. Kg2 Qc6+ 37. f3 Qb6 38. Qf2 Qb5 39. Qa7+ Kh6 40.
Qe3+ g5 41. Rf2 Bc4 42. Qxc1 1-0

[Event "Open Nord 2015/2016"]
[Site "Meyreuil"]
[Date "2016.03.04"]
[Round "7.8"]
[White "Mignemi, Denis"]
[Black "Cens, Alain"]
[Result "0-1"]
[WhiteElo "1523"]
[BlackElo "1375"]
[PlyCount "136"]

1. d4 Nf6 2. Nf3 c5 3. d5 b5 4. Bf4 Bb7 5. d6 Qb6 6. dxe7 Bxe7 7. g3 O-O 8. Bg2
d5 9. O-O Nbd7 10. Nbd2 Nh5 11. Nb3 Nxf4 12. gxf4 Rad8 13. c3 Nf6 14. a4 a6 15.
axb5 axb5 16. Qc2 d4 17. cxd4 Be4 18. Qc3 b4 19. Qd2 c4 20. Nc1 Bxf3 21. Bxf3
Rxd4 22. Qe3 Re8 23. Qe5 Bd6 24. Qa5 Qxa5 25. Rxa5 Rd2 26. b3 c3 27. Nd3 g6 28.
Raa1 Nd7 29. Ra5 Rc8 30. Rd5 c2 31. Rxd6 c1=Q 32. Rxc1 Rxc1+ 33. Kg2 Nc5 34.
Rb6 Nxd3 35. exd3 Rxd3 36. Rxb4 Rcc3 37. Be4 Rxb3 38. Rxb3 Rxb3 39. f3 Kg7 40.
Kg3 f6 41. h4 h6 42. f5 g5 43. hxg5 hxg5 44. Kg4 Rb2 45. Bd5 Rb4+ 46. Be4 Rb2
47. Bd5 Rd2 48. Be4 Rd1 49. Bc6 Rg1+ 50. Kh3 Kh6 51. Kh2 Rc1 52. Be4 Kh5 53.
Kg2 g4 54. fxg4+ Kxg4 55. Bd3 Rc3 56. Bb1 Kf4 57. Kf2 Rf3+ 58. Kg2 Kg4 59. Be4
Rxf5 60. Bxf5+ Kxf5 61. Kf2 Kf4 62. Ke1 Kg3 63. Kf1 f5 64. Kg1 Kf3 65. Kf1 f4
66. Kg1 Ke2 67. Kh2 f3 68. Kg3 f2 0-1

[Event "Open Nord 2015/2016"]
[Site "Meyreuil"]
[Date "2016.03.04"]
[Round "7.9"]
[White "Lemarchand, Fabien"]
[Black "Perdiolat, Francis"]
[Result "1-0"]
[WhiteElo "1510"]
[BlackElo "1478"]
[PlyCount "131"]

1. e4 d6 2. d4 Nf6 3. Nc3 g6 4. Nf3 Bg7 5. Bc4 O-O 6. h3 b6 7. Be3 Bb7 8. Bd3
Re8 9. Qd2 e5 10. dxe5 dxe5 11. Bh6 Bh8 12. Qg5 Qe7 13. O-O-O Nc6 14. Bb5 a6
15. Bxc6 Bxc6 16. Nd2 b5 17. Qe3 a5 18. Bg5 b4 19. Nd5 Bxd5 20. exd5 Qd7 21.
Bxf6 Bxf6 22. Ne4 Be7 23. d6 cxd6 24. Rxd6 Qf5 25. g4 Qf4 26. Qxf4 exf4 27. Rd7
Bh4 28. f3 f5 29. gxf5 gxf5 30. Rg1+ Kf8 31. Rgg7 Re7 32. Rgxe7 Bxe7 33. Nd6
Bxd6 34. Rxd6 Kg7 35. Rd4 Kg6 36. Rxf4 Re8 37. h4 Re2 38. Kd1 Rf2 39. a3 bxa3
40. bxa3 Kf6 41. c3 Ke5 42. Ke1 Rc2 43. Rc4 f4 44. Re4+ Kf5 45. Rc4 a4 46. Rxa4
Rxc3 47. Ra5+ Kf6 48. Kf2 Rc2+ 49. Kg1 Rc3 50. Kg2 Rc2+ 51. Kh3 Rc1 52. Kg4 Rc4
53. Rf5+ Kg6 54. Rxf4 h5+ 55. Kg3 Rc3 56. a4 Ra3 57. Rb4 Ra1 58. Kf4 Rh1 59.
Rb6+ Kf7 60. Kg5 Rf1 61. f4 Re1 62. a5 Ra1 63. a6 Ra5+ 64. f5 Kg7 65. Rb7+ Kf8
66. a7 1-0

[Event "Open Nord 2015/2016"]
[Site "Meyreuil"]
[Date "2016.03.04"]
[Round "7.10"]
[White "Bouriel, Michel"]
[Black "Ribelles, Anthony"]
[Result "1-0"]
[WhiteElo "1496"]
[BlackElo "1379"]
[PlyCount "66"]

1. Nf3 d5 2. c4 e6 3. cxd5 exd5 4. Nc3 Nf6 5. g3 c6 6. Bg2 d4 7. Nb1 Bc5 8. d3
O-O 9. O-O Re8 10. Nbd2 Bg4 11. Re1 Na6 12. Qb3 Rb8 13. h3 Be6 14. Qa4 Nc7 15.
Nb3 b5 16. Qa5 Bb6 17. Qb4 Ncd5 18. Qd2 a5 19. Nbxd4 Bd7 20. b3 a4 21. Qb2 Qc8
22. Bg5 Bxh3 23. Rac1 Bxg2 24. Kxg2 Nh5 25. Nxc6 Ndf4+ 26. Bxf4 Nxf4+ 27. gxf4
Qg4+ 28. Kh1 Bxf2 29. Rg1 Qh3+ 30. Nh2 Bxg1 31. Rxg1 f6 32. Nxb8 Rxb8 33. bxa4
f5 1-0

[Event "Open Nord 2015/2016"]
[Site "Meyreuil"]
[Date "2016.03.04"]
[Round "7.11"]
[White "Salvi, Michel"]
[Black "Person, Claude"]
[Result "1-0"]
[WhiteElo "1657"]
[BlackElo "1228"]
[PlyCount "85"]

1. e4 c5 2. Nf3 d6 3. d4 cxd4 4. Nxd4 a6 5. Nc3 Nf6 6. Be2 e5 7. Nb3 Be7 8. g4
Be6 9. g5 Ng8 10. h4 g6 11. Be3 b5 12. Nd5 Bxd5 13. Qxd5 Nd7 14. O-O-O Rc8 15.
f4 Nb6 16. Bxb5+ axb5 17. Qxb5+ Nd7 18. fxe5 Rb8 19. Qa4 Ra8 20. Ba7 Kf8 21.
exd6 Bxg5+ 22. hxg5 Qxg5+ 23. Kb1 Qd8 24. Qd4 Qf6 25. Rhf1 Qxd4 26. Bxd4 f6 27.
e5 Kf7 28. Nc5 Nxc5 29. Bxc5 f5 30. Bd4 Ke6 31. c4 Nh6 32. c5 Ng4 33. c6 Nh2
34. Rf2 Ng4 35. Rc2 f4 36. d7 Ne3 37. Bxe3 fxe3 38. c7 e2 39. Rxe2 Ke7 40.
d8=Q+ Rhxd8 41. Rxd8 Rxd8 42. cxd8=Q+ Kxd8 43. a4 1-0

[Event "Open Nord 2015/2016"]
[Site "Meyreuil"]
[Date "2016.03.04"]
[Round "7.12"]
[White "Pietrac, Christian"]
[Black "Fastier, Adrien"]
[Result "0-1"]
[WhiteElo "1200"]
[BlackElo "1324"]
[PlyCount "92"]

1. Nf3 Nf6 2. d3 e6 3. g3 d5 4. Bg2 Bc5 5. d4 Bd6 6. O-O O-O 7. Nbd2 c5 8. b3
Nc6 9. c3 b6 10. Re1 cxd4 11. Nxd4 Nxd4 12. cxd4 Re8 13. a3 e5 14. e4 exd4 15.
exd5 Bb7 16. Nc4 Be7 17. Bb2 Bxd5 18. Bxd4 Bxg2 19. Kxg2 Rc8 20. Qd3 Bc5 21.
Rxe8+ Nxe8 22. Rd1 Qd5+ 23. f3 Rd8 24. Ne3 Qxd4 25. Qxd4 Rxd4 26. Rxd4 Bxd4 27.
Nf5 Bc5 28. a4 g6 29. Nh4 Be7 30. Kh3 Bxh4 31. Kxh4 a5 32. Kg5 Nd6 33. g4 Nb7
34. h4 Nc5 35. h5 Nxb3 36. hxg6 hxg6 37. Kf4 Kg7 38. g5 Nd4 39. Ke3 Ne6 40. f4
f6 41. gxf6+ Kxf6 42. Ke4 Nc5+ 43. Kd4 Nxa4 44. Kc4 Kf5 45. Kb5 Kxf4 46. Kxa4
g5 0-1

[Event "Open Nord 2015/2016"]
[Site "Meyreuil"]
[Date "2016.03.04"]
[Round "7.13"]
[White "Renoulet, Francoise"]
[Black "Hidreau, Olivier"]
[Result "0-1"]
[WhiteElo "1060"]
[BlackElo "1419"]
[PlyCount "92"]

1. c4 f5 2. Nc3 Nf6 3. d3 e5 4. Nf3 Nc6 5. g3 Be7 6. Bg2 O-O 7. O-O d6 8. e3
Qe8 9. Bd2 Nb4 10. d4 e4 11. a3 exf3 12. Bxf3 Nc6 13. Nb5 Bd8 14. b4 Ne4 15.
Bc1 a6 16. Qb3 Kh8 17. Nc3 Ng5 18. Be2 Ne7 19. c5 dxc5 20. dxc5 Qc6 21. e4 f4
22. Bxf4 Nh3+ 23. Kg2 Nxf4+ 24. gxf4 Qg6+ 25. Kh1 Rxf4 26. Rad1 Be6 27. Nd5
Qxe4+ 28. f3 Qe5 29. Qd3 Nxd5 30. Rg1 Rf5 31. Qd2 Bg5 32. Qe1 Rg8 33. Qf2 Be3
34. Qh4 Bxg1 35. Rxg1 Rh5 36. f4 Qe4+ 37. Rg2 Qxg2+ 38. Kxg2 Rxh4 39. Kg3 Rh3+
40. Kf2 Nxf4 41. a4 Nxe2 42. Kxe2 Rd8 43. c6 b6 44. Kf2 Rd2+ 45. Ke1 Rhxh2 46.
Kf1 Rd1# 0-1

[Event "Open Nord 2015/2016"]
[Site "Meyreuil"]
[Date "2016.03.04"]
[Round "7.14"]
[White "Husson, Etienne"]
[Black "Schoeni, Christine"]
[Result "1-0"]
[WhiteElo "1082"]
[BlackElo "1120"]
[PlyCount "53"]

1. d4 d5 2. c4 e6 3. Nc3 Bb4 4. a3 Be7 5. Bf4 Nf6 6. Nb5 a6 7. Nxc7+ Kf8 8.
Nxa8 Bd6 9. Bxd6+ Qxd6 10. Qb3 Nbd7 11. Qb4 Qxb4+ 12. axb4 b6 13. c5 Bb7 14.
Nxb6 Nxb6 15. cxb6 Nd7 16. e3 Nxb6 17. Bxa6 Bc6 18. Nf3 f6 19. O-O Kf7 20. b3
Nd7 21. Rfc1 Nb8 22. b5 Bd7 23. Rc7 Ke7 24. Rac1 Kd6 25. Rb7 Bc8 26. Rxb8 Bxa6
27. Rxh8 1-0

[Event "Open Nord 2015/2016"]
[Site "Meyreuil"]
[Date "2016.03.04"]
[Round "7.15"]
[White "Cortes, Maria"]
[Black "Salvi, Angele"]
[Result "0-1"]
[WhiteElo "1107"]
[BlackElo "1123"]
[PlyCount "154"]

1. Nf3 c5 2. c3 d6 3. e4 a6 4. a4 Nc6 5. d3 Nf6 6. Be2 e6 7. Bd2 Be7 8. c4 O-O
9. O-O Nd4 10. Be3 Nxe2+ 11. Qxe2 h6 12. e5 Ng4 13. Bf4 d5 14. h3 g5 15. Bg3 f5
16. exf6 Nxf6 17. Na3 Bd7 18. Ne5 Bxa4 19. Ng6 Rf7 20. Rab1 Bd6 21. Ne5 Rg7 22.
f4 Nh7 23. Qg4 Nf8 24. b3 Be8 25. Nc2 h5 26. Qe2 h4 27. Qf2 hxg3 28. Qxg3 gxf4
29. Qxf4 Ng6 30. Qf6 Bxe5 31. Qxe6+ Bf7 32. Rxf7 Bd4+ 33. Ne3 Kh7 34. Rd7 Rxd7
35. Qg4 Bxe3+ 36. Kh1 Kg7 37. Rf1 b5 38. Qe6 Nf4 39. Qe5+ Qf6 40. Qxe3 Qd4 41.
Qg3+ Ng6 42. Rf4 Qe5 43. Qf3 Nxf4 44. Qg4+ Kf7 45. Qxd7+ Kf6 46. Qc6+ Kf5 47.
Qd7+ Kf6 48. Qc6+ Kg5 49. Qxa8 Qa1+ 50. Kh2 Ne2 51. Qd8+ Kf4 52. Qf8+ Ke3 53.
Qf3+ Kd2 54. Qf2 Kxd3 55. Qf3+ Kd2 56. Qxd5+ Qd4 57. Qg5+ Qf4+ 58. Qxf4+ Nxf4
59. Kg3 Ne2+ 60. Kf3 Nd4+ 61. Ke4 Nxb3 62. g4 bxc4 63. Kd5 c3 64. Kc4 c2 65.
Kxb3 c1=Q 66. g5 c4+ 67. Ka4 Qa1+ 68. Kb4 a5+ 69. Kxc4 Qa4+ 70. Kc5 Qb4+ 71.
Kd5 Qh4 72. g6 Qg5+ 73. Kc6 Qxg6+ 74. Kb5 Qf5+ 75. Ka4 Kc3 76. h4 Kc4 77. h5
Qb5+ 0-1

[Event "Open Nord 2015/2016"]
[Site "Meyreuil"]
[Date "2016.03.18"]
[Round "8.1"]
[White "Jean, Nicolas"]
[Black "Tchifteyan, Philippe"]
[Result "1-0"]
[WhiteElo "1923"]
[BlackElo "1665"]
[PlyCount "87"]

1. e4 c5 2. Nf3 Nc6 3. Bb5 d6 4. O-O Bd7 5. c3 e5 6. d4 Nge7 7. Bc4 h6 8. dxe5
Nxe5 9. Nxe5 dxe5 10. Qh5 Ng6 11. f4 Qe7 12. f5 Nf4 13. Bxf4 exf4 14. Nd2 O-O-O
15. Qxf7 Qg5 16. Nf3 Qe7 17. Rad1 Be8 18. Qxe7 Bxe7 19. Be6+ Kc7 20. Rxd8 Bxd8
21. Ne5 Bg5 22. Nd3 Bc6 23. Bd5 Bxd5 24. exd5 Kd6 25. Nxf4 Bxf4 26. Rxf4 Kxd5
27. Rg4 Rh7 28. Rf4 Ke5 29. g3 Rh8 30. Rf2 Rd8 31. g4 Kf6 32. h4 b6 33. Re2 Rd6
34. Kg2 a5 35. Kg3 g6 36. fxg6 Kxg6 37. Kf4 Rf6+ 38. Ke5 Kf7 39. Kd5 Rg6 40.
Re4 Rf6 41. Re5 Kg6 42. Re6 Rxe6 43. Kxe6 b5 44. Kd5 1-0

[Event "Open Nord 2015/2016"]
[Site "Meyreuil"]
[Date "2016.03.18"]
[Round "8.2"]
[White "Vialette, Eric"]
[Black "Mamah, Isabelle"]
[Result "0-1"]
[WhiteElo "1694"]
[BlackElo "1841"]
[PlyCount "68"]

1. e4 c5 2. d4 cxd4 3. c3 g6 4. cxd4 d5 5. e5 Bg7 6. f4 Nc6 7. Nf3 Bg4 8. Be2
e6 9. h3 Bxf3 10. Bxf3 Nge7 11. g4 Qb6 12. O-O Nxd4 13. Kg2 Ndc6 14. Qd3 O-O
15. Nc3 Rac8 16. a3 Qd4 17. Qe2 Qb6 18. b4 Nd4 19. Qd3 Nxf3 20. Rxf3 Qc6 21.
Qd4 f6 22. Bb2 fxe5 23. fxe5 Rxf3 24. Kxf3 Rf8+ 25. Kg2 Qc7 26. Re1 Nc6 27. Nb5
Qe7 28. Qe3 Qh4 29. Qg3 Qe7 30. Nd6 a6 31. Rf1 Rxf1 32. Kxf1 d4 33. Nc4 b5 34.
Qg2 Qc7 0-1

[Event "Open Nord 2015/2016"]
[Site "Meyreuil"]
[Date "2016.03.18"]
[Round "8.3"]
[White "Andriamandimbisoa, Mathieu"]
[Black "Schiano-Lomoriello, Didier"]
[Result "1-0"]
[WhiteElo "1715"]
[BlackElo "1611"]
[PlyCount "153"]

1. d4 Nf6 2. Nf3 g6 3. c4 d5 4. cxd5 Nxd5 5. e4 Nb6 6. Bb5+ Bd7 7. Bxd7+ Qxd7
8. O-O Bg7 9. Nc3 Nc6 10. d5 Na5 11. Re1 O-O 12. Bf4 Nac4 13. Bc1 Rfd8 14. a4
a5 15. Qc2 Rac8 16. b3 Nd6 17. Ng5 h6 18. Nf3 c6 19. e5 Nxd5 20. Bxh6 Nf5 21.
Bxg7 Nxg7 22. Nxd5 cxd5 23. Qd2 b6 24. Qg5 Rc3 25. Nd4 Rdc8 26. e6 Nxe6 27.
Nxe6 fxe6 28. Qxg6+ Kf8 29. h4 Qe8 30. Qh6+ Kg8 31. Rxe6 R3c6 32. Rae1 Rxe6 33.
Rxe6 Qf8 34. Rg6+ Kf7 35. Qxf8+ Kxf8 36. Rxb6 Rc3 37. Kf1 Kf7 38. Rb5 d4 39.
Rxa5 Rxb3 40. Ke1 Kf6 41. Rd5 e5 42. Rb5 Rc3 43. Kd2 Kf5 44. h5 Rc6 45. Rb3 Ra6
46. Ra3 Kg5 47. a5 Kxh5 48. Kd3 Kg5 49. Ke4 Kf6 50. g3 Ke6 51. f4 exf4 52. gxf4
d3 53. Kxd3 Kf5 54. Ra4 Rd6+ 55. Ke3 Re6+ 56. Kf3 Ra6 57. Ra3 Kf6 58. Kg4 Kg6
59. f5+ Kg7 60. Kg5 Kf7 61. Ra4 Kg7 62. Ra1 Kf7 63. Kf4 Kf6 64. Ra4 Kg7 65. Ke5
Kf7 66. Ke4 Kf6 67. Kf4 Kf7 68. Ke5 Ke7 69. Ra2 Kf7 70. Ra4 Ke7 71. Kd5 Kf6 72.
Kc5 Kxf5 73. Kb5 Ra8 74. a6 Ke6 75. Kc6 Rc8+ 76. Kb7 Kd7 77. Rd4+ 1-0

[Event "Open Nord 2015/2016"]
[Site "Meyreuil"]
[Date "2016.03.18"]
[Round "8.4"]
[White "Andonian, Pierre"]
[Black "Scamaroni, Jean-Paul"]
[Result "0-1"]
[WhiteElo "1493"]
[BlackElo "1608"]
[PlyCount "90"]

1. Nf3 Nf6 2. c4 c5 3. Nc3 Nc6 4. e3 d6 5. Be2 g6 6. d4 cxd4 7. exd4 Bg7 8. Bg5
h6 9. Be3 O-O 10. Qd2 Ng4 11. O-O Nxe3 12. fxe3 a6 13. a3 Bd7 14. Rab1 Rb8 15.
h3 Na7 16. Nd5 e6 17. Nf4 Qe7 18. Bd3 e5 19. Nd5 Qd8 20. Be4 f5 21. Bc2 e4 22.
Nh2 Be6 23. b4 Bxd5 24. cxd5 b5 25. Rfc1 Nc8 26. Bb3 Ne7 27. Nf1 Qd7 28. Ng3
Kh7 29. Ne2 g5 30. Qe1 Rbc8 31. Kh2 Rxc1 32. Rxc1 Rc8 33. Nc3 Rc7 34. a4 Qc8
35. Qd2 bxa4 36. Bxa4 Nxd5 37. Na2 Rxc1 38. Nxc1 Nxb4 39. Ne2 a5 40. d5 Qc5 41.
Ng3 Be5 42. Qf2 f4 43. Nxe4 fxe3+ 44. g3 exf2 45. Kg2 Qe3 0-1

[Event "Open Nord 2015/2016"]
[Site "Meyreuil"]
[Date "2016.03.18"]
[Round "8.5"]
[White "Graells, Christian"]
[Black "Lupinacci, Patrick"]
[Result "1-0"]
[WhiteElo "1593"]
[BlackElo "1430"]
[PlyCount "117"]

1. e4 c5 2. Nf3 d6 3. d4 cxd4 4. Nxd4 Nf6 5. Nc3 g6 6. Be3 Bg7 7. Bc4 O-O 8. f3
a6 9. O-O Bd7 10. Qd2 Nc6 11. Nde2 Ne5 12. Bb3 Rc8 13. Nd5 Nxd5 14. Bxd5 Nc4
15. Bxc4 Rxc4 16. c3 Bb5 17. Nd4 Bd7 18. b3 Rc8 19. Rac1 b5 20. f4 f5 21. exf5
Bxf5 22. Nf3 Qd7 23. Ng5 h6 24. Nf3 e5 25. fxe5 dxe5 26. Bxh6 Qa7+ 27. Kh1 Rcd8
28. Qg5 Bf6 29. Qg3 Rfe8 30. Ng1 Rd3 31. Qe1 Qb7 32. Nf3 Red8 33. Be3 e4 34.
Nd4 Bxd4 35. cxd4 Rc8 36. Rc5 Rxc5 37. dxc5 b4 38. Qg3 Kf7 39. Qh4 Kg8 40. Qf4
Qd5 41. g4 Qe6 42. gxf5 gxf5 43. Rg1+ Kf7 44. Rf1 Rd5 45. h4 Qd7 46. Kh2 Qe6
47. h5 Qe5 48. Rg1 Qxf4+ 49. Bxf4 Rd8 50. h6 Rh8 51. Rg7+ Ke6 52. Rg6+ Kf7 53.
Rxa6 Re8 54. c6 e3 55. c7 e2 56. Bd2 Rc8 57. Rc6 Ke7 58. h7 Kd7 59. Rc4 1-0

[Event "Open Nord 2015/2016"]
[Site "Meyreuil"]
[Date "2016.03.18"]
[Round "8.6"]
[White "Cens, Alain"]
[Black "Corrias, Robert"]
[Result "0-1"]
[WhiteElo "1375"]
[BlackElo "1594"]
[PlyCount "34"]

1. e4 Nc6 2. d4 d5 3. Nc3 dxe4 4. d5 Ne5 5. f3 exf3 6. Nxf3 Nxf3+ 7. Qxf3 Nf6
8. Bf4 a6 9. h3 g6 10. g4 Bg7 11. O-O-O O-O 12. Bg2 Rb8 13. Qg3 Ne8 14. Qe3 Nd6
15. Bh6 Nc4 16. Qf4 Qd6 17. Qxd6 Bxh6+ 0-1

[Event "Open Nord 2015/2016"]
[Site "Meyreuil"]
[Date "2016.03.18"]
[Round "8.8"]
[White "Lemarchand, Fabien"]
[Black "Vacher Coponat, Sebastien"]
[Result "1-0"]
[WhiteElo "1510"]
[BlackElo "1474"]
[PlyCount "83"]

1. e4 e5 2. Nf3 Nc6 3. Bc4 Nf6 4. d3 d6 5. c3 Be7 6. Nbd2 Bg4 7. h3 Be6 8. Bxe6
fxe6 9. Qb3 Qc8 10. Ng5 d5 11. exd5 exd5 12. O-O O-O 13. Nge4 Qd7 14. Ng3 b6
15. Nf3 Bd6 16. Bg5 Ne7 17. Rfe1 Qe6 18. Nxe5 Bxe5 19. d4 Ng6 20. dxe5 Nxe5 21.
f4 Nf3+ 22. gxf3 Qxh3 23. Nh1 Qxf3 24. Qd1 Qh3 25. Re2 Qf5 26. Bxf6 Qg4+ 27.
Rg2 Qxd1+ 28. Rxd1 Rxf6 29. Rxd5 Rxf4 30. Rd7 Re8 31. Rgxg7+ Kf8 32. Rxh7 Re1+
33. Kg2 Kg8 34. Rdg7+ Kf8 35. Rxc7 Kg8 36. Rcg7+ Kf8 37. Rxa7 Kg8 38. Rag7+ Kf8
39. Ng3 Rb1 40. Nh5 Rxb2+ 41. Kg3 Rxa2 42. Rh8# 1-0

[Event "Open Nord 2015/2016"]
[Site "Meyreuil"]
[Date "2016.03.18"]
[Round "8.9"]
[White "Amoros, Jean"]
[Black "Salvi, Michel"]
[Result "0-1"]
[WhiteElo "1473"]
[BlackElo "1657"]
[PlyCount "80"]

1. e4 c5 2. d4 cxd4 3. c3 Nf6 4. e5 Nd5 5. Bc4 Nb6 6. Bb3 Nc6 7. cxd4 e6 8. Nf3
d6 9. O-O Be7 10. Bf4 O-O 11. Nc3 dxe5 12. dxe5 Na5 13. Qc2 Nxb3 14. Qxb3 Bd7
15. Rad1 Qe8 16. Ng5 Bc6 17. Qc2 Bxg5 18. Bxg5 h6 19. Bf4 Nd5 20. Qd2 Ne7 21.
Bxh6 gxh6 22. Qxh6 Rd8 23. Rxd8 Qxd8 24. Rd1 Nf5 25. Qh3 Qh4 26. Qd3 Kh8 27.
Ne2 Be4 28. Qa3 Kg7 29. Ng3 Nxg3 30. fxg3 Qh5 31. Re1 Rd8 32. Qe3 Bc6 33. Qf4
Qh6 34. Qg4+ Qg6 35. Qf4 Qf5 36. Qc1 Qg4 37. Rf1 Qd4+ 38. Kh1 Qd2 39. Qxd2 Rxd2
40. Kg1 Rxg2+ 0-1

[Event "Open Nord 2015/2016"]
[Site "Meyreuil"]
[Date "2016.03.18"]
[Round "8.10"]
[White "Fastier, Adrien"]
[Black "Mignemi, Denis"]
[Result "0-1"]
[WhiteElo "1324"]
[BlackElo "1523"]
[PlyCount "68"]

1. Nf3 Nf6 2. c4 e6 3. g3 d5 4. cxd5 exd5 5. Bg2 Be7 6. O-O O-O 7. Nc3 d4 8.
Nb5 c5 9. d3 a6 10. Na3 Nc6 11. Nc4 Nd5 12. e4 dxe3 13. fxe3 Nb6 14. Nxb6 Qxb6
15. Qb3 Qxb3 16. axb3 Nb4 17. d4 Be6 18. Nd2 Ra7 19. Rf2 Nc2 20. Ra2 Nxe3 21.
Rf3 Nxg2 22. Kxg2 Bd5 23. Kf2 Bxf3 24. Nxf3 cxd4 25. Nxd4 Bc5 26. Be3 Rd8 27.
Nf3 Bxe3+ 28. Kxe3 b5 29. Ra5 h6 30. Nd4 Rad7 31. Nf3 Rd3+ 32. Ke2 Rxb3 33.
Rxa6 Re8+ 34. Kd2 Rxf3 0-1

[Event "Open Nord 2015/2016"]
[Site "Meyreuil"]
[Date "2016.03.18"]
[Round "8.11"]
[White "Perdiolat, Francis"]
[Black "Ribelles, Anthony"]
[Result "0-1"]
[WhiteElo "1478"]
[BlackElo "1379"]
[PlyCount "60"]

1. e4 e5 2. Bc4 Nf6 3. d3 c6 4. a4 d5 5. exd5 cxd5 6. Bb5+ Nc6 7. Nf3 Bd6 8.
O-O a6 9. Bxc6+ bxc6 10. Re1 Qc7 11. Nxe5 O-O 12. d4 Bf5 13. Bf4 c5 14. c3 cxd4
15. cxd4 Rab8 16. b3 Qb6 17. Re3 Rfc8 18. Bg5 Ne4 19. Bh4 Qxd4 20. Nc3 Bxe5 21.
Rd3 Nxc3 22. Rxd4 Nxd1 23. Rdxd1 Bxa1 24. Rxa1 Rxb3 25. f3 Rc2 26. Re1 Be6 27.
f4 Rbb2 28. f5 Rxg2+ 29. Kf1 Rxh2 30. Bg3 Rh1# 0-1